00322nam a22001217a 4500003000400000020001800004082001600022100002200038245007200060260003500132300001400167650001900181OSt a9789350291733 a658.22bRAF aRAJAN, Raghuram G aFault Lines : How Hidden Fractures Still Threaten the World Economy aIndia:bHarper Collins,c2010. axiv,341p. aGeneral Books